APEC Schools

My Bayani Storybook vol. 1 / (Record no. 9024)

000 -LEADER
fixed length control field nam a22 7a 4500
005 - DATE AND TIME OF LATEST TRANSACTION
control field 20210219030258.0
008 - FIXED-LENGTH DATA ELEMENTS--GENERAL INFORMATION
fixed length control field 210219b xxu||||| |||| 00| 0 eng d
020 ## - IDENTIFIER FOR THE MANIFESTATION
Identifier for the Manifestation 9786210403961
Binding paperback
040 ## - CATALOGING SOURCE
Language of Cataloging eng
Transcribing Agency APEC Schools Library
Description Conventions rda
082 ## - DEWEY DECIMAL CLASSIFICATION NUMBER
Classification number F 899.21
Author's Number C957m 2020
100 ## - CREATOR
Preferred Name of the Person Cruz, Genaro R. Gojo
245 ## - TITLE AND STATEMENT OF RESPONSIBILITY
Preferred Title Proper My Bayani Storybook vol. 1 /
Statement of Responsibility/Parallel Statement of Responsibility Genaro R. Gojo Cruz
264 ## - PUBLICATION STATEMENT
Place of publication, distribution, etc Manila :
Publisher's Name/Parallel Publisher's Name Rex Book Store,
Copyright ©2020.
300 ## - PHYSICAL DESCRIPTION
Extent 38 pages :
Illustrative Content colored illustrations ;
336 ## - RDA CONTENT
Source rdacontent
Content Type text
337 ## - RDA MEDIA
Source rdamedia
Media Type unmediated
338 ## - RDA CARRIER
Source rdacarrier
Carrier Type volume
942 ## - ADDED ENTRY ELEMENTS (KOHA)
Source of Classification
Koha Item Type Non Fiction
Holdings
Library Site Location Shelving Location Source of Acquisition Full Classification Number Accession Number Koha Item Type
APEC Bacoor Library APEC Bacoor Library Filipiniana Institutional Fund F 899.21 C957m 2020 B04-0000535 Non Fiction
APEC Calumpang Library APEC Calumpang Library Filipiniana Institutional Fund F 899.21 C957m 2020 B10-0000472 Non Fiction
APEC C. Raymundo Library APEC Calumpang Library Filipiniana Institutional Fund F 899.21 C957m 2020 A07-0000454 Non Fiction
APEC Dasmarinas Library APEC Dasmarinas Library Filipiniana Institutional Fund F 899.21 C957m 2020 B03-0000494 Non Fiction
APEC Doña Juana Library APEC Doña Juana Library Filipiniana Institutional Fund F 899.21 C957m 2020 A02-0000192 Non Fiction
APEC España Library APEC España Library Filipiniana Institutional Fund F 899.21 C957m 2020 B11-0000322 Non Fiction
APEC Grace Park West Library APEC Grace Park West Library Filipiniana Institutional Fund F 899.21 C957m 2020 A09-0000384 Non Fiction
APEC JRU Lipa Library APEC JRU Lipa Library Filipiniana Institutional Fund F 899.21 C957m 2020 B12-0000531 Non Fiction
APEC Las Piñas Library APEC Las Piñas Library Filipiniana Institutional Fund F 899.21 C957m 2020 C01-0000369 Non Fiction
APEC Concepcion Dos Library APEC Marikina Heights Library Filipiniana Institutional Fund F 899.21 C957m 2020 C02-0000331 Non Fiction
APEC Marikina Heights Library APEC Marikina Heights Library Filipiniana Institutional Fund F 899.21 C957m 2020 A08-0000366 Non Fiction
APEC Muntinlupa Library APEC Muntinlupa Library Filipiniana Institutional Fund F 899.21 C957m 2020 B01-0000346 Non Fiction
APEC New Manila Library APEC New Manila Library Filipiniana Institutional Fund F 899.21 C957m 2020 C03-0000351 Non Fiction
APEC North Fairview Library APEC North Fairview Library Filipiniana Institutional Fund F 899.21 C957m 2020 A04-0000332 Non Fiction
APEC Ortigas Extension, Cainta Library APEC Ortigas Extension, Cainta Library Filipiniana Institutional Fund F 899.21 C957m 2020 B09-0000364 Non Fiction
APEC Roxas Boulevard Library APEC Roxas Boulevard Library Filipiniana Institutional Fund F 899.21 C957m 2020 B06-0000326 Non Fiction
APEC San Pablo, Laguna Library APEC San Pablo, Laguna Library Filipiniana Institutional Fund F 899.21 C957m 2020 D01-0000204 Non Fiction
APEC Silangan, Pateros Library APEC Silangan, Pateros Library Filipiniana Institutional Fund F 899.21 C957m 2020 B07-0000422 Non Fiction
APEC Sta. Rita Library APEC Sta. Rita Library Filipiniana Institutional Fund F 899.21 C957m 2020 B02-0000451 Non Fiction
APEC Taytay Library APEC Taytay Library Filipiniana Institutional Fund F 899.21 C957m 2020 B08-0000349 Non Fiction
APEC Tondo Library APEC Tondo Library Filipiniana Institutional Fund F 899.21 C957m 2020 A10-0000341 Non Fiction
APEC V. Luna Library APEC V. Luna Library Filipiniana Institutional Fund F 899.21 C957m 2020 A01-0000380 Non Fiction

Powered by Koha